000 00789 a2200193 4500
003 NUST
005 20251216134138.0
040 _cNust
082 _a621.382,KHA
100 _aZanib Khalid (TCC-22)
_9132327
245 _aMobile Video Surveillance /
_cZanib Khalid, Zunaira Sajjad, Samoona Aslam and Jovaria Maqsood TCC-22
260 _aRawalpindi
_bMCS (NUST)
_cJune 2014
300 _axvi:121 p.;
505 _aIntroduction (Page-1), Literature Review (Page-3), Technology Requirements (Page-7), Design and Development (Page-17), Project Analysis and Evaluation (Page-32), Future Work and Conclusion (Page-46), Bibliography (Page-50).
650 _aUG Project
_9131132
651 _aTCC-22
_9131223
700 _aSupervised by Lec Intisar Rizwan-i-Haque
_9132301
942 _cPR
_2ddc
999 _c212145
_d212145